000 00307nam a22001337a 4500
020 _a817826355-6
082 _a823
_bHAR/R
100 _aTHOMAS HARDY
245 _aTHE RETURN OF THE NATIVE
260 _aDELHI
_bROHAN BOOK COMPANY
_c2003
300 _a223
650 _aMODERN ILLUSTRATED CLASSICS
942 _cBK
999 _c348
_d348